000 00616nam a2200229 i 4500
003 DO-SdBNP
005 20260205133810.0
007 ta
008 260205b19-- dr a|||| |||| 00| 0 spa d
040 _aDO-SdBNP
_bspa
_cBNPHU
_erda
041 _aspa
082 4 _axxx
_bxxx
_222
245 0 0 _aManual del conductor dominicano
264 1 _aSanto Domingo :
_bSODUINECHO,,
_c19--.
300 _a44 páginas ;
_c21 cm.
336 _atexto
_btxt
_2rdacontent
337 _asin mediación
_bn
_2rdamedia
338 _avolumen
_bnc
_2rdacarrier
590 _aInventariado, 2026/BT
910 _aBtavárez
942 _2ddc
_cLF2
999 _c60247
_d60247